000 00664cab a2200253 4500
001 WB3138-71
008 090401t1995 xxu||||| |||| 00| 0 eng d
035 _a(Sirsi) u69898
041 _aeng
245 _aNorth-East England survey
260 _c1995
300 _aLOAN
350 _a0
490 _aFinancial Times
_vFT Survey 13 October 1995, (6)
520 _aA general survey of the north-east of England, including infrastructure and shopping malls.
650 _aCLEVELAND
650 _aDURHAM
650 _aNEWCASTLE
650 _aNORTH EAST
650 _aTYNE AND WEAR
690 _aSPECIAL REPORTS
942 _n0
948 _c04/03/1997
999 _c43953
_d43953